| 000 | 00621cam a22002295a 4500 | ||
|---|---|---|---|
| 001 | L159243 | ||
| 008 | 160324s2015 xxk f 000 0 eng d | ||
| 035 | _a(Sirsi) u159243 | ||
| 041 | _aeng | ||
| 090 | _aRICS 1995/27ABCD | ||
| 110 |
_aRoyal Institution of Chartered Surveyors _94900 |
||
| 245 | _aYour passport to the property world | ||
| 260 |
_bRICS _c2015 |
||
| 300 | _a6p. | ||
| 350 | _a0 | ||
| 505 | 2 | _aRICS in Europe -- Who is RICS -- What we do -- Why RICS -- RICS members -- How to join | |
| 650 | _aRICS EUROPE | ||
| 651 | 4 | _aEurope | |
| 690 | _aABOUT RICS | ||
| 942 | _n0 | ||
| 948 | _c04/03/1997 | ||
| 999 |
_c115760 _d115760 |
||